Emmy - Drama Actor Quiz Stats

 Plays Quiz Updated Oct 5, 2019

Score 0/58 Timer 05:00
4 Plays Today
Year Actor % Correct
2006Kiefer Sutherland
84.4%
2014Bryan Cranston
83.9%
2015Jon Hamm
76.5%
2000James Gandolfini
74.4%
2001James Gandolfini
74.4%
2003James Gandolfini
74.4%
1984Tom Selleck
70.4%
1987Bruce Willis
69.3%
1972Peter Falk
64.7%
1976Peter Falk
64.7%
1990Peter Falk
64.7%
2008Bryan Cranston
63.3%
2009Bryan Cranston
63.3%
2013Jeff Daniels
62.5%
1994Dennis Franz
59%
1996Dennis Franz
59%
1997Dennis Franz
59%
1999Dennis Franz
59%
2004James Spader
58.7%
2005James Spader
58.7%
2007James Spader
58.7%
1967Bill Cosby
53.2%
1968Bill Cosby
53.2%
1966Bill Cosby
53.2%
1974Telly Savalas
50.3%
1978Edward Asner
49.8%
1980Edward Asner
49.8%
2002Michael Chiklis
49.6%
2016Rami Malek
45.9%
Year Actor % Correct
1977James Garner
45.9%
2010Bryan Cranston
44.2%
1989Carroll O'Connor
43.4%
2012Damian Lewis
42.7%
1961Raymond Burr
42.3%
2017Sterling K. Brown
42.1%
2018Matthew Rhys
40.6%
1995Mandy Patinkin
30%
1985William Daniels
29%
1986William Daniels
29%
1993Tom Skerritt
28.4%
1960Robert Stack
26.4%
2019Billy Porter
26.1%
1975Robert Blake
26%
1998Andre Braugher
25.6%
1981Daniel J. Travanti
23.3%
1982Daniel J. Travanti
23.3%
1973Richard Thomas
22.7%
1970Robert Young
22%
2011Kyle Chandler
20%
1991James Earl Jones
13.5%
1962E. G. Marshall
11.7%
1963E. G. Marshall
11.7%
1983Ed Flanders
8.4%
1992Christopher Lloyd
8.4%
1969Carl Betz
5.8%
1971Hal Holbrook
5.6%
1979Ron Leibman
5.2%
1988Richard Kiley
5.1%

You're not logged in!

Compare scores with friends on all Sporcle quizzes.
OR
Log In

Sporcle TV

Today on Sporcle TV


Watch our educational content, quiz creation guides, and fun videos on Sporcle TV.

Show Comments

Extras

Top Quizzes Today


Score Distribution

Your Account Isn't Verified!

In order to create a playlist on Sporcle, you need to verify the email address you used during registration. Go to your Sporcle Settings to finish the process.

Report this User

Report this user for behavior that violates our Community Guidelines.

Details: